Responses for show #8302 - Tuesday, December 15, 2020

Brayden Smith game 1.

Contestants

[<< previous game]

Brayden Smith, a policy intern from Las Vegas, Nevada

Margaret de Larios, a public affairs specialist from Pasadena, California

Valerie Castelo, a career counselor from San Leandro, California (whose 1-day cash winnings total $38,001)

[next game >>]

Jeopardy! Round responses

MARCO POLO SLEPT HERE
WHAT ARE THE ODDS?
BOOK BARRIERS
REALITY TV
NOT GONNA THROW AWAY
MY "SHOT"
    $200 16
(Margaret: Uh, what is Milan?)

Venice

ValerieMargaret
    $200 27
lightning

Brayden
    $200 28
[The end-of-round signal sounds.]

barbed wire

Valerie
    $200 3
Love Island

Margaret
    $200 1
shotgun

Valerie
    $400 17
the Persian Gulf

Brayden
    $400 26
a pearl

Valerie
    $400 14
whitewashing

Margaret
    $400 4
The Masked Singer

Brayden
    $400 20
virgin

Brayden
    $400 2
earshot

Margaret
    $600 21
Genoa

Brayden
    $600 10
a royal flush

Brayden
    $600 6
Jurassic Park

Brayden
    $600 7
(Brayden: What is recyclable material?)

plastic

MargaretBrayden
    $600 11
a parting shot

Brayden
    $800 22
Israel

Triple Stumper
    $800 23
[NOTE: Alex read ESA as European Space Agency.]

an asteroid

Brayden
    $1,000 5
Bartleby (the Scrivener)

Brayden
    $800 8
The Biggest Loser

Margaret
    $800 18
(Margaret: What is selenium?)
...
(Alex: [*], stannum.)

tin

MargaretBrayden
    $800 12
(Brayden: That was one.)
[Laughter]

A Shot in the Dark

Brayden
    $1000 25
(Alex: [Prior to reading the clue] Less than a minute now.)
(Valerie: What is the Han empire?)
(Margaret: Uh, what is the Ming empire?)

the Mongol Empire

ValerieMargaret
Triple Stumper
    $1000 24
the Mega Millions

Brayden
    $1000 15
Neil Gaiman

Valerie
    $1000 9
What Not to Wear

Margaret
    $1000 19
asphalt

Valerie
    $1000 13
a slingshot

Valerie

Scores at the first commercial break (after clue 15):

Valerie Margaret Brayden
$2,200 $3,400 $3,400

Scores at the end of the Jeopardy! Round:

Valerie Margaret Brayden
$3,000 $1,400 $7,600

Double Jeopardy! Round responses

AMERICAN HISTORY
THE WHISKER REBELLION
10-LETTER NATIONS
MUSICAL INSTRUMENTS
AT THE MOVIES
ANAGRAMS OF EACH OTHER
    $400 28
[The end-of-round signal sounds.]

George Washington

Brayden
    $400 27
Alexander the Great

Brayden
    $400 26
(Margaret: What is Indonesia?)

Micronesia

ValerieMargaret
    $400 25
The Matrix

Brayden
    $800 19
Watergate

Brayden
    $800 12
Disneyland

Brayden
    $800 21
Luxembourg

Brayden
    $800 18
a trombone

Brayden
    $800 24
Bridesmaids

Valerie
    $800 9
listen & silent

Brayden
    $1200 10
Prohibition

Brayden
    $1200 13
Taft

Margaret
    $3,500 5
[Brayden finds the Daily Double and turns to his opponents]
(Brayden: Sorry.)
(Alex: You don't have to apologize to the ladies.)
...
[Brayden counts on his fingers before giving his response.]
...
(Alex: And ladies, you'll be happy to hear there are no more Daily Doubles on the board.)
[Laughter]

Bangladesh

Brayden
    $1200 17
(Margaret: What is an organ?)

a harp

ValerieMargaret
    $1200 1
Norma Rae

Margaret
    $1200 8
paternal & parental

Margaret
    $3,500 4
Black Hawk

Brayden
    $1600 14
(King) Gillette

Brayden
    $1600 15
Montenegro

Brayden
    $1600 22
the mandolin

Triple Stumper
    $1600 2
Onward

Triple Stumper
    $1600 7
vile & evil

Margaret
    $2000 11
Gallaudet

Brayden
    $2000 20
King David

Triple Stumper
    $2000 16
Mozambique

Brayden
    $2000 23
(Alex: Less than a minute now.)

a marimba

Valerie
    $2000 3
Vertigo

Brayden
    $2000 6
(Brayden: What is dessert? Dessert & stressed?)

desserts & stressed

MargaretBrayden

Scores at the end of the Double Jeopardy! Round:

Valerie Margaret Brayden
$7,400 $7,000 $28,200
(lock game)

[wagering suggestions for these scores]

Final Jeopardy! Round responses

MAGAZINES
MargaretWhat is "O" Magazine?
$3,500
ValerieWhat is O?
$6,601
BraydenWhat is O (Oprah magazine?
$2,800
O, The Oprah Magazine (O)

Final scores:

Valerie Margaret Brayden
$14,001 $10,500 $31,000
2nd place: $2,000 3rd place: $1,000 New champion: $31,000

Game dynamics:

Coryat scores:

Valerie Margaret Brayden
$7,400 $7,000 $23,800
11 R,
1 W
11 R,
5 W
29 R
(including 3 DDs),
2 W

Combined Coryat: $38,200

The J! Archive is created by fans, for fans. The Jeopardy! game show and all elements thereof, including but not limited to copyright and trademark thereto, are the property of Jeopardy Productions, Inc. and are protected under law. This website is not affiliated with, sponsored by, or operated by Jeopardy Productions, Inc. Join the discussion at JBoard.tv.